Miesto ekonomík nových ázijských tigrov v regionálnej a svetovej ekonomike diplomová práca

Uložené v:
Podrobná bibliografia
Hlavný autor: Štureková, Lenka
Korporativný autor: Obchodná fakulta EU. Katedra medzinárodného obchodu
Ďalší autori: Obadi, Saleh Mothana
Médium: Kniha
Jazyk:Slovak
Vydavateľské údaje: Bratislava 2012
Tagy: Pridať tag
Žiadne tagy, Buďte prvý, kto otaguje tento záznam!

MARC

LEADER 00000nbm a2200000 4500
001 0158039
005 20230113073822.6
041 0 |a slo 
044 |a SK 
245 1 0 |a Miesto ekonomík nových ázijských tigrov v regionálnej a svetovej ekonomike  |b diplomová práca  |c Lenka Štureková ; školiteľ: Saleh Mothana Obadi 
264 1 |a Bratislava  |c 2012 
300 |a 82 s. 
100 1 |a Štureková, Lenka 
700 1 |a Obadi, Saleh Mothana 
710 2 |a Obchodná fakulta EU. Katedra medzinárodného obchodu